000 01200nam a22003137a 4500
001 BRCA_9325
003 FranzMayer
005 20230918120247.0
008 230823b |||||||| |||| 00| 0 eng d
020 _a8519994815
040 _aMFM
_besp
_cMFM
050 0 _aNK110.5
_b.I88 1988
110 1 _aIttala Glass Museum
_929125
240 _aAlvar ja Aino Aalto Lasin Mutoilijoina
_hAlvar and Aino Aalto as Glass Designers
_lInglés/Fines
245 0 _aAlvar ja Aino Aalto Lasin Mutoilijoina
_bAlvar and Aino Aalto as Glass Designers
260 _aFinlandia
_bIttala Museum Glass
_c1988
300 _a1 v
_bIlustraciones a color
_c20 cm
500 _aAnexo 1
500 _aEl libro no se encuentra numerado
500 _aEl libro contiene una cubierta exterior
505 _aTexto en: inglés y finesDirigido a: artistas, artesanos o personas interesadas en el arte.
650 1 _2Artes decorativas
_aOrnamentación y decoración
_vVidrio
_929126
700 1 _4Col
_aGrönstrand, Satu
_929127
700 1 _4Col.
_aKivikoski, Juhani
_929128
700 1 _4Col.
_aKokko, Valto
_929129
700 1 _4Col.
_aKoskinen, EIno.
_929130
700 1 _4Foto
_aKylänpää, Antti
_929131
942 _2lcc
_cB
999 _c10947
_d10947